Building leadership capacity in schools / (Record no. 43288)
[ view plain ]
| 000 -LEADER | |
|---|---|
| fixed length control field | 00728cam a2200241 a 4500 |
| 001 - CONTROL NUMBER | |
| control field | 1199884 |
| 005 - DATE AND TIME OF LATEST TRANSACTION | |
| control field | 20180223080825.0 |
| 008 - FIXED-LENGTH DATA ELEMENTS--GENERAL INFORMATION | |
| fixed length control field | 980814s1998 vau b 001 0 eng |
| 010 ## - LIBRARY OF CONGRESS CONTROL NUMBER | |
| LC control number | 98040095 |
| 020 ## - INTERNATIONAL STANDARD BOOK NUMBER | |
| International Standard Book Number | 0871203073 (pbk.) |
| 040 ## - CATALOGING SOURCE | |
| Original cataloging agency | DLC |
| Transcribing agency | DLC |
| Modifying agency | DLC |
| 041 ## - LANGUAGE CODE | |
| Language code of text/sound track or separate title | eng |
| 043 ## - GEOGRAPHIC AREA CODE | |
| Geographic area code | n-us--- |
| 080 ## - UNIVERSAL DECIMAL CLASSIFICATION NUMBER | |
| Universal Decimal Classification number | 371.200973 LAM |
| 082 00 - DEWEY DECIMAL CLASSIFICATION NUMBER | |
| Classification number | 371.200973 LAM |
| Edition number | 21 |
| 100 1# - Rafti | |
| Rafti | 54 |
| 101 ## - Shkurtesa | |
| Shkurtesa | LID |
| 245 10 - TITLE STATEMENT | |
| Title | Building leadership capacity in schools / |
| Statement of responsibility, etc | Linda Lambert. |
| 504 ## - BIBLIOGRAPHY, ETC. NOTE | |
| Bibliography, etc | Includes bibliographical references (p. 126-130) and index. |
| 906 ## - LOCAL DATA ELEMENT F, LDF (RLIN) | |
| a | 7 |
| b | cbc |
| c | orignew |
| d | 1 |
| e | ocip |
| f | 19 |
| g | y-gencatlg |
| 942 ## - ADDED ENTRY ELEMENTS (KOHA) | |
| Source of classification or shelving scheme | |
| Item type | Books |
No items available.